000
00187 a2200097 4500
020
_a
7509984213954
041
_a
spa
100
_a
Lansky,Bruce
245
_a
ĹNinas al rescate!
942
_c
BK
999
_c
8224
_d
8224